Comparison of actual truck traffic with different live load models used for design of bridges in pakistan (Record no. 550857)

000 -LEADER
fixed length control field 00438nam a22001457a 4500
082 ## - DEWEY DECIMAL CLASSIFICATION NUMBER
Classification number P-588
100 ## - MAIN ENTRY--PERSONAL NAME
Personal name Zeeshan Mehmood,
9 (RLIN) 47693
245 ## - TITLE STATEMENT
Title Comparison of actual truck traffic with different live load models used for design of bridges in pakistan
Statement of responsibility, etc. Zeeshan Mehmood, Asif Jalal
260 ## - PUBLICATION, DISTRIBUTION, ETC.
Place of publication, distribution, etc. MCE
Date of publication, distribution, etc. 2014
300 ## - PHYSICAL DESCRIPTION
Extent 109 p.
526 ## - STUDY PROGRAM INFORMATION NOTE
Program name 0
Interest level 0
Reading level 0
Title point value P_588
650 ## - SUBJECT ADDED ENTRY--TOPICAL TERM
Topical term or geographic name entry element Project
700 ## - ADDED ENTRY--PERSONAL NAME
Personal name Dr Shahid Iqbal
9 (RLIN) 16468
942 ## - ADDED ENTRY ELEMENTS (KOHA)
Source of classification or shelving scheme
Koha item type Book
Holdings
Withdrawn status Lost status Source of classification or shelving scheme Damaged status Not for loan Permanent Location Current Location Date acquired Total Checkouts Full call number Barcode Date last seen Date last checked out Price effective from Koha item type Public note
          Military College of Engineering (MCE) Military College of Engineering (MCE) 11/26/2014 1 P-588 MCE-P-588 11/27/2014 11/27/2014 11/26/2014 Book Project
© 2023 Central Library, National University of Sciences and Technology. All Rights Reserved.